Witness to the word : (Record no. 1326)

MARC details
000 -LEADER
fixed length control field 00697nam a22002057a 4500
003 - CONTROL NUMBER IDENTIFIER
control field OSt
005 - DATE AND TIME OF LATEST TRANSACTION
control field 20240625081300.0
008 - FIXED-LENGTH DATA ELEMENTS--GENERAL INFORMATION
fixed length control field 240625b |||||||| |||| 00| 0 eng d
020 ## - INTERNATIONAL STANDARD BOOK NUMBER
International Standard Book Number 9715101844
040 ## - CATALOGING SOURCE
Original cataloging agency DWC- Main Lib
Transcribing agency OC
082 ## - DEWEY DECIMAL CLASSIFICATION NUMBER
Classification number Fil. 266 Es81w 2005
100 ## - MAIN ENTRY--PERSONAL NAME
Personal name Estioko , Leonardo R.
245 ## - TITLE STATEMENT
Title Witness to the word :
Remainder of title readings on St. Arnold Janssen and the SVD mission /
Statement of responsibility, etc. Leonardo R. Estioko.
260 ## - PUBLICATION, DISTRIBUTION, ETC.
Place of publication, distribution, etc. Manila, Philippines :
Name of publisher, distributor, etc. Logos Publishing,
Date of publication, distribution, etc. c2005.
300 ## - PHYSICAL DESCRIPTION
Extent 143 pages :
Other physical details illustrations ;
Dimensions 23 cm.
504 ## - BIBLIOGRAPHY, ETC. NOTE
Bibliography, etc. note Includes bibliographical references.
600 ## - SUBJECT ADDED ENTRY--PERSONAL NAME
Source of heading or term 1. Jansen, Arnold, Saint, 1837-1909
650 ## - SUBJECT ADDED ENTRY--TOPICAL TERM
Topical term or geographic name entry element 2. Christian missions.
942 ## - ADDED ENTRY ELEMENTS (KOHA)
Source of classification or shelving scheme Dewey Decimal Classification
Koha item type Book-Filipiniana
Suppress in OPAC Yes
952 ## - LOCATION AND ITEM INFORMATION (KOHA)
--
952 ## - LOCATION AND ITEM INFORMATION (KOHA)
--
952 ## - LOCATION AND ITEM INFORMATION (KOHA)
--
952 ## - LOCATION AND ITEM INFORMATION (KOHA)
--
952 ## - LOCATION AND ITEM INFORMATION (KOHA)
--
952 ## - LOCATION AND ITEM INFORMATION (KOHA)
--
952 ## - LOCATION AND ITEM INFORMATION (KOHA)
--
952 ## - LOCATION AND ITEM INFORMATION (KOHA)
--
952 ## - LOCATION AND ITEM INFORMATION (KOHA)
--
952 ## - LOCATION AND ITEM INFORMATION (KOHA)
--
952 ## - LOCATION AND ITEM INFORMATION (KOHA)
--
952 ## - LOCATION AND ITEM INFORMATION (KOHA)
--
952 ## - LOCATION AND ITEM INFORMATION (KOHA)
--
952 ## - LOCATION AND ITEM INFORMATION (KOHA)
--
952 ## - LOCATION AND ITEM INFORMATION (KOHA)
--
952 ## - LOCATION AND ITEM INFORMATION (KOHA)
--
952 ## - LOCATION AND ITEM INFORMATION (KOHA)
--
952 ## - LOCATION AND ITEM INFORMATION (KOHA)
--
Holdings
Withdrawn status Lost status Source of classification or shelving scheme Damaged status Not for loan Home library Current library Date acquired Source of acquisition Cost, normal purchase price Total Checkouts Full call number Barcode Date last seen Copy number Price effective from Koha item type Uniform Resource Identifier
    Dewey Decimal Classification     College Library College Library 02/08/2010 Donation     Fil. 266 Es81w 2005 47049 06/25/2024 c9 06/25/2024 BK - FIL
    Dewey Decimal Classification     College Library College Library 01/06/2020 School Fund 160.00   Fil. 266 Es81w 2005 52375 06/25/2024 c10 06/25/2024 BK - FIL
    Dewey Decimal Classification     College Library College Library 01/06/2020 School Fund 160.00   Fil. 266 Es81w 2005 52376 06/25/2024 c11 06/25/2024 BK - FIL
    Dewey Decimal Classification     College Library College Library 01/06/2020 School Fund 160.00   Fil. 266 Es81w 2005 52377 06/25/2024 c12 06/25/2024 BK - FIL
    Dewey Decimal Classification     College Library College Library 01/06/2020 School Fund 160.00   Fil. 266 Es81w 2005 52378 06/25/2024 c13 06/25/2024 BK - FIL
    Dewey Decimal Classification     College Library College Library 01/06/2020 School Fund 160.00   Fil. 266 Es81w 2005 52379 06/25/2024 c14 06/25/2024 BK - FIL
    Dewey Decimal Classification     College Library College Library 01/06/2020 School Fund 160.00   Fil. 266 Es81w 2005 52380 06/25/2024 c15 06/25/2024 BK - FIL
    Dewey Decimal Classification     College Library College Library 01/06/2020 School Fund 160.00   Fil. 266 Es81w 2005 52381 06/25/2024 c16 06/25/2024 BK - FIL
    Dewey Decimal Classification     College Library College Library 01/06/2020 School Fund 160.00   Fil. 266 Es81w 2005 52382 06/25/2024 c17 06/25/2024 BK - FIL
    Dewey Decimal Classification     College Library College Library 01/06/2020 School Fund 160.00   Fil. 266 Es81w 2005 52383 06/25/2024 c18 06/25/2024 BK - FIL
    Dewey Decimal Classification     Junior High School Library Junior High School Library 11/12/2009 School Fund 160.00   Fil. 266 Es81w 2005 15378 06/25/2024 c6 06/25/2024 BK - FIL
    Dewey Decimal Classification     Junior High School Library Junior High School Library 11/12/2009 School Fund 160.00   Fil. 266 Es81w 2005 15379 06/25/2024 c7 06/25/2024 BK - FIL
    Dewey Decimal Classification     Junior High School Library Junior High School Library 11/12/2009 School Fund 160.00   Fil. 266 Es81w 2005 15381 06/25/2024 c8 06/25/2024 BK - FIL
    Dewey Decimal Classification     Senior High School Library Senior High School Library 09/05/2008 School Fund 160.00   Fil. 266 Es81w 2005 322 06/25/2024 c1 06/25/2024 BK - FIL
    Dewey Decimal Classification     Senior High School Library Senior High School Library 09/05/2008 School Fund 160.00   Fil. 266 Es81w 2005 323 06/25/2024 c2 06/25/2024 BK - FIL
    Dewey Decimal Classification     Senior High School Library Senior High School Library 08/10/2017 School Fund 160.00   Fil. 266 Es81w 2005 529 06/25/2024 c3 06/25/2024 BK - FIL
    Dewey Decimal Classification     Senior High School Library Senior High School Library 08/10/2017 School Fund 160.00   Fil. 266 Es81w 2005 530 06/25/2024 c4 06/25/2024 BK - FIL
    Dewey Decimal Classification     Senior High School Library Senior High School Library 08/10/2017 School Fund 160.00   Fil. 266 Es81w 2005 531 06/25/2024 c5 06/25/2024 BK - FIL